Lo que fue de ellas : (Record no. 10790)
[ view plain ]
| 000 -CABECERA | |
|---|---|
| campo de control de longitud fija | 01250nam a22002657a 4500 |
| 001 - NÚMERO DE CONTROL | |
| campo de control | BRCA_9171 |
| 003 - IDENTIFICADOR DEL NÚMERO DE CONTROL | |
| campo de control | FranzMayer |
| 005 - FECHA Y HORA DE LA ÚLTIMA TRANSACCIÓN | |
| campo de control | 20220809131327.0 |
| 008 - DATOS DE LONGITUD FIJA--INFORMACIÓN GENERAL | |
| campo de control de longitud fija | 220627b |||||||| |||| 00| 0 eng d |
| 020 ## - NÚMERO INTERNACIONAL ESTÁNDAR DEL LIBRO | |
| Número Internacional Estándar del Libro | 9788494958830 |
| 040 ## - FUENTE DE LA CATALOGACIÓN | |
| Centro catalogador/agencia de origen | MFM |
| Lengua de catalogación | spa |
| Centro/agencia transcriptor | MFM |
| 050 ## - SIGNATURA TOPOGRÁFICA DE LA BIBLIOTECA DEL CONGRESO | |
| Número de clasificación | HQ1757 |
| Número de documento/Ítem | .R95 2018 |
| 245 10 - MENCIÓN DE TÍTULO | |
| Título | Lo que fue de ellas : |
| Resto del título | mujeres protagonistas en la ruta transpacífica del Galeón de Manila. Siglos XVI-XIX. |
| Mención de responsabilidad, etc. | Ana Ruiz Gutiérrez [Ed.] |
| 260 ## - PUBLICACIÓN, DISTRIBUCIÓN, ETC. | |
| Lugar de publicación, distribución, etc. | Salobreña, Granada |
| Nombre del editor, distribuidor, etc. | Editorial Alhuila |
| Fecha de publicación, distribución, etc. | [2018] |
| 300 ## - DESCRIPCIÓN FÍSICA | |
| Extensión | 254 p. |
| Otras características físicas | ilustraciones y tablas a color |
| Dimensiones | 22.5 cm |
| 500 ## - NOTA GENERAL | |
| Nota general | Ubicación: L59-N5 |
| 500 ## - NOTA GENERAL | |
| Nota general | Incluye bibliografía al terminar cada capítulo |
| 500 ## - NOTA GENERAL | |
| Nota general | Incluye un capítulo en inglés |
| 500 ## - NOTA GENERAL | |
| Nota general | Libro de pasta dura |
| 520 ## - SUMARIO, ETC. | |
| Sumario, etc. | Colaboración de académicas y académicos de España, México, Taiwan y Filipinas donde abordan por medio de estudios monográficos, la presencia de la mujer en las crónicas hispanas, en la vida cotidiana manileña, en el comercio del galeón y su papel en el ámbito artístico, entre otros. |
| 650 10 - PUNTO DE ACCESO ADICIONAL DE MATERIA--TÉRMINO DE MATERIA | |
| Término de materia o nombre geográfico como elemento de entrada | Mujeres |
| Subdivisión general | Historia |
| Subdivisión geográfica | Filipinas |
| 9 (RLIN) | 28355 |
| 650 10 - PUNTO DE ACCESO ADICIONAL DE MATERIA--TÉRMINO DE MATERIA | |
| Término de materia o nombre geográfico como elemento de entrada | Rutas comerciales |
| Subdivisión general | Historia |
| Subdivisión geográfica | Filipinas |
| 9 (RLIN) | 28356 |
| 650 10 - PUNTO DE ACCESO ADICIONAL DE MATERIA--TÉRMINO DE MATERIA | |
| Término de materia o nombre geográfico como elemento de entrada | Rutas comerciales |
| Subdivisión general | Historia |
| Subdivisión geográfica | España |
| 9 (RLIN) | 28357 |
| 942 ## - ELEMENTOS DE PUNTO DE ACCESO ADICIONAL (KOHA) | |
| Fuente del sistema de clasificación o colocación | Library of Congress Classification |
| Tipo de ítem Koha | Libros |
| Estado de retiro | Estado de pérdida | Fuente del sistema de clasificación o colocación | Estado dañado | No para préstamo | Localización permanente | Ubicación/localización actual | Fecha de adquisición | Total de préstamos | Signatura topográfica completa | Código de barras | Fecha visto por última vez | Número de copia | Precio válido a partir de | Tipo de ítem Koha |
|---|---|---|---|---|---|---|---|---|---|---|---|---|---|---|
| El ejemplar forma parte de la colección y puede ser consultado según las políticas vigentes. | Library of Congress Classification | Biblioteca del Museo Franz Mayer (Rogerio Casas-Alatriste) | Biblioteca del Museo Franz Mayer (Rogerio Casas-Alatriste) | 27/06/2022 | HQ1757 .R95 2018 | CONT9943 | 27/06/2022 | 1 | 27/06/2022 | Libros |